Omosessualita'

Shranjeno v:
Bibliografske podrobnosti
Glavni avtor: Johnson Virginia E
Format: Knjiga
Jezik:neznan ali neveljaven jezik
Izdano: Milano Feltrinelli 1980
Oznake: Označite
Brez oznak, prvi označite!

MARC

LEADER 00000nam a2200000Ia 4500
001 18
003 NUMERAZIONE-ORIGINALE-BRESCIA
005 20260206230747.0
008 260206s9999 xx 000 0 und d
100 |a Johnson Virginia E, 
245 0 |a Omosessualita' 
260 |a Milano 
260 |b Feltrinelli 
260 |c 1980 
500 |a Problemi di sessuologia 
500 |a Una nuova prospettiva 
942 |2 ddc  |c BK  |n 0 
952 |0 0  |1 0  |2 ddc  |4 0  |6 12  |7 0  |9 28194  |a BS  |b BS  |d 2026-02-06  |i 18  |l 0  |o 1-2-*  |r 2026-02-06 22:40:30  |w 2026-02-06  |x [REVISIONARE]  |y BK 
999 |c 23900  |d 23900